000 00611nam a22002177a 4500
003 UA-OsUOA
001 107023
007 ta
008 20140701b un ||||| |||| 00| 0 ukr d
100 _aЗоценко О.
090 _a330(477)
_bЗ-88
942 _cSA
040 _aUA-OsUOA
_bfre
_cUA-OsUOA
_dUA-OsUOA
245 _aСистема регулювання ринку акцій в Україні
300 _aС.83-93
955 _a0
041 _afre
080 _a330(477)
773 0 _w107017
_tБанківська справа
_dК.
_d2014
_g4
650 7 _a330 Економіка взагалі
_2UDC
999 _c393050
_d393050